| 000 | 00730 a2200205 4500 | ||
|---|---|---|---|
| 020 | _a0387303030 | ||
| 020 | _a9780387303031 | ||
| 082 | _a519.6 | ||
| 090 |
_c981 _d981 |
||
| 100 | 1 | _aNocedal, Jorge. | |
| 245 | 1 | 0 |
_aNumerical optimization / _cJorge Nocedal, Stephen Wright. |
| 250 | _a2nd ed. | ||
| 260 |
_a[S.l.] : _bSpringer, _c2006. |
||
| 300 |
_a686 p. ; _c24 cm. |
||
| 490 | 1 | _aSpringer series in operations research and financial engineering. | |
| 700 | 1 | _aWright, Stephen. | |
| 830 | 0 | _aSpringer series in operations research and financial engineering. | |
| 942 |
_aSNS _cBK _k519.6 NOC |
||
| 999 |
_c217122 _d217122 |
||